[Event "4NCL/Div2/PYO vs. BRI1"]
[Site "Telford ENG"]
[Date "2004.03.21"]
[Round "6.2"]
[White "Buckley, Simon T"]
[Black "Bigg, Andrew J"]
[Result "1-0"]
[WhiteElo "2294"]
[BlackElo "2267"]
[PlyCount "113"]
[EventDate "2004.03.21"]

1. d4 e6 2. c4 b6 3. Nc3 Bb4 4. Qc2 Bb7 5. a3 Bxc3+ 6. Qxc3 Nf6 7. Bg5 h6 8.
Bh4 g5 9. Bg3 Ne4 10. Qc2 d6 11. e3 Nd7 12. O-O-O Qe7 13. Ne2 f5 14. Nc3 Nxc3
15. Qxc3 O-O-O 16. f3 e5 17. d5 e4 18. f4 Kb8 19. Be2 Rhf8 20. Kb1 Rc8 21. Qd4
Rg8 22. fxg5 hxg5 23. Rdf1 Rcf8 24. Rf2 Bc8 25. Rhf1 Ne5 26. Ka2 Ng6 27. Bh5
Ne5 28. Be2 Qg7 29. h3 g4 30. hxg4 Nxg4 31. Qxg7 Rxg7 32. Bxg4 Rxg4 33. Bf4
Rfg8 34. g3 Rh8 35. b4 Bb7 36. Rd2 Kc8 {=} 37. Rc1 Kd7 38. c5 Ba6 39. cxd6 cxd6
40. Rdc2 Rc8 41. Rxc8 Bxc8 42. Rh1 Bb7 43. Rh7+ Kc8 44. Rh8+ Kc7 45. Rh7+ Kc8
46. Kb2 Rg6 47. Rf7 Bxd5 48. Rxf5 Bg8 49. Rf8+ Kb7 50. Re8 Bd5 51. Re7+ Kc6 52.
Rxa7 Bc4 53. Kc3 Kd5 54. a4 Bd3 55. b5 Rg8 56. Rc7 Ra8 57. Kb4 1-0

[Event "4NCL/Div2/PYO vs. BRI1"]
[Site "Telford ENG"]
[Date "2004.03.21"]
[Round "6.3"]
[White "Rendle, Thomas E"]
[Black "Sherwin, James T"]
[Result "1/2-1/2"]
[WhiteElo "2273"]
[BlackElo "2309"]
[PlyCount "31"]
[EventDate "2004.03.21"]

1. e4 c6 2. d4 d5 3. e5 Bf5 4. Nc3 e6 5. g4 Bg6 6. Nge2 Be7 7. Be3 Bg5 8. Ng3
Bxe3 9. fxe3 Qg5 10. Qf3 h5 11. gxh5 Bxh5 12. Nxh5 Qxh5 13. Qxh5 Rxh5 14. Be2
Rh4 15. O-O-O Nh6 16. Rdg1 1/2-1/2

[Event "4NCL/Div2/PYO vs. BRI1"]
[Site "Telford ENG"]
[Date "2004.03.21"]
[Round "6.4"]
[White "Beaumont, Chris"]
[Black "Player, Edmund C"]
[Result "1-0"]
[WhiteElo "2336"]
[BlackElo "2166"]
[PlyCount "59"]
[EventDate "2004.03.21"]

1. d4 d5 2. Nf3 Nf6 3. c4 dxc4 4. e3 e6 5. Bxc4 c5 6. O-O a6 7. Qe2 b5 8. Bd3
c4 9. Bc2 Nc6 10. a4 Bb7 11. axb5 axb5 12. Rxa8 Qxa8 13. Nc3 Ba6 14. e4 Nb4 15.
d5 Nxc2 16. Qxc2 Bc5 17. dxe6 fxe6 18. e5 Nd5 19. Ng5 Nxc3 20. Nxe6 Qc6 21.
Nxg7+ Kf8 22. Qf5+ Kxg7 23. e6 Ne2+ 24. Kh1 Rf8 25. Qg5+ Kh8 26. Qe5+ Kg8 27.
Bh6 Qb7 28. Qg5+ Kh8 29. Qxc5 Ng3+ 30. hxg3 1-0

[Event "4NCL/Div2/PYO vs. BRI1"]
[Site "Telford ENG"]
[Date "2004.03.21"]
[Round "6.5"]
[White "Dorrington, Christopher"]
[Black "Rudd, Jack"]
[Result "1-0"]
[WhiteElo "2174"]
[BlackElo "2245"]
[PlyCount "71"]
[EventDate "2004.03.21"]

1. e4 c5 2. Nc3 Nc6 3. Nge2 g6 4. d4 cxd4 5. Nxd4 Bg7 6. Be3 d6 7. Qd2 Nf6 8.
f3 O-O 9. Bc4 Bd7 10. O-O-O Ne5 11. Bb3 Qa5 12. h4 Rfc8 13. Kb1 Nc4 14. Bxc4
Rxc4 15. h5 Nxh5 16. Nb3 Qd8 17. Nd5 Be6 18. g4 Nf6 19. Nxf6+ exf6 20. Qh2 Rac8
21. c3 Ra4 22. Rxd6 Qe8 23. Qxh7+ Kf8 24. Bc5 Rxc5 25. Nxc5 Bxa2+ 26. Kc1 Bc4
27. Nxa4 Qxa4 28. Qh2 Qa1+ 29. Kc2 Qa4+ 30. Kd2 Ke7 31. Rd4 Qc6 32. Qb8 Ba6 33.
Qd8+ Ke6 34. Rh7 Ke5 35. Rxg7 Kf4 36. Qd6+ 1-0

[Event "4NCL/Div2/PYO vs. BRI1"]
[Site "Telford ENG"]
[Date "2004.03.21"]
[Round "6.6"]
[White "Collier, David O"]
[Black "Bennet, William D"]
[Result "0-1"]
[WhiteElo "2225"]
[BlackElo "2077"]
[PlyCount "56"]
[EventDate "2004.03.21"]

1. d4 Nf6 2. Bg5 e6 3. Nd2 h6 4. Bh4 d5 5. e3 c5 6. c3 Bd7 7. f4 b5 8. Ngf3 b4
9. Ne5 bxc3 10. bxc3 Qa5 11. Qc2 Ba4 12. Qc1 Nbd7 13. Nb3 Bxb3 14. axb3 Qb6 15.
Be2 cxd4 16. exd4 Rc8 17. O-O Bb4 18. Rf3 Bxc3 19. Bf2 Ne4 20. Nxd7 Kxd7 21.
Ra6 Bxd4 22. Qxc8+ Rxc8 23. Rxb6 Rc1+ 24. Bf1 Bxf2+ 25. Rxf2 axb6 26. Ra2 Rd1
27. g3 Nd2 28. Kf2 Nxf1 0-1

[Event "4NCL/Div2/PYO vs. BRI1"]
[Site "Telford ENG"]
[Date "2004.03.21"]
[Round "6.7"]
[White "Levermore, Peter A"]
[Black "Buckley, David E"]
[Result "0-1"]
[WhiteElo "2066"]
[BlackElo "2203"]
[PlyCount "80"]
[EventDate "2004.03.21"]

1. e4 c5 2. c3 Nf6 3. e5 Nd5 4. d4 cxd4 5. Nf3 Nc6 6. Bc4 Nb6 7. Bb3 d5 8. cxd4
Bg4 9. h3 Bxf3 10. gxf3 e6 11. Nc3 Bb4 12. f4 f5 13. O-O Bxc3 14. bxc3 Na5 15.
Ba3 Qh4 16. Qf3 Nac4 17. Bc1 O-O 18. a4 Rfc8 19. a5 Nd7 20. Rb1 b6 21. Bxc4
Rxc4 22. Rb4 Rac8 23. Rxc4 Rxc4 24. axb6 Nxb6 25. Ba3 Na4 26. Rb1 Qd8 27. Rb7
Rc7 28. Rxc7 Qxc7 29. Bb4 a5 30. Qd1 Nb2 31. Qb3 axb4 32. Qxb2 bxc3 33. Qc2 Qc4
34. Kg2 Qxd4 35. Kg3 Qc4 36. Qb1 h6 37. Qb8+ Kh7 38. Qe8 c2 39. Qxe6 Qd3+ 40.
Kh4 c1=Q 0-1

[Event "4NCL/Div2/PYO vs. BRI1"]
[Site "Telford ENG"]
[Date "2004.03.21"]
[Round "6.8"]
[White "Ashby, Ann-Marie"]
[Black "Miller, Naomi K"]
[Result "1/2-1/2"]
[WhiteElo "2082"]
[BlackElo "1680"]
[PlyCount "37"]
[EventDate "2004.03.21"]

1. e4 c5 2. c3 d5 3. exd5 Qxd5 4. d4 g6 5. Nf3 Bg7 6. c4 Qe4+ 7. Be3 cxd4 8.
Nxd4 Bxd4 9. Qxd4 Qxd4 10. Bxd4 Nf6 11. Nc3 Nc6 12. Be3 Bf5 13. a3 Ng4 14. Nd5
Nxe3 15. Nxe3 Nd4 16. Rd1 O-O-O 17. Bd3 Nf3+ 18. Ke2 Nd4+ 19. Ke1 1/2-1/2

[Event "4NCL/Div2/MIN1 vs. KHE"]
[Site "Telford ENG"]
[Date "2004.03.21"]
[Round "6.1"]
[White "McFarland, Robert S"]
[Black "Pigott, John C"]
[Result "1/2-1/2"]
[WhiteElo "2268"]
[BlackElo "2388"]
[PlyCount "29"]
[EventDate "2004.03.21"]

1. Nf3 Nf6 2. g3 g6 3. Bg2 Bg7 4. c4 O-O 5. O-O d5 6. d4 dxc4 7. Na3 Nc6 8.
Nxc4 Be6 9. b3 Bd5 10. Bb2 Qc8 11. Qc1 Rd8 12. Rd1 a5 13. Nce5 h6 14. Nxc6 Bxc6
15. Ne5 1/2-1/2

[Event "4NCL/Div2/MIN1 vs. KHE"]
[Site "Telford ENG"]
[Date "2004.03.21"]
[Round "6.3"]
[White "Kenworthy, Gary"]
[Black "Thomas, Richard H"]
[Result "1-0"]
[WhiteElo "2293"]
[BlackElo "2235"]
[PlyCount "105"]
[EventDate "2004.03.21"]

1. e4 g6 2. d4 Bg7 3. Nc3 c6 4. Nf3 d5 5. h3 dxe4 6. Nxe4 Nd7 7. Bc4 Ngf6 8.
Nxf6+ Nxf6 9. O-O O-O 10. Qe2 Qd6 11. Re1 e6 12. a4 Nd5 13. Bb3 a5 14. Qe4 h6
15. c3 b6 16. Bc2 Nf6 17. Qh4 Nh5 18. Ne5 Bb7 19. Ng4 Qd8 20. Nxh6+ Bxh6 21.
Qxd8 Rfxd8 22. Bxh6 c5 23. Be3 c4 24. b4 Nf6 25. Bg5 Kg7 26. bxa5 bxa5 27. Rab1
Bc6 28. Rb6 Rdc8 29. Bxf6+ Kxf6 30. Rxc6 Rxc6 31. Be4 Rac8 32. Bxc6 Rxc6 33.
Re5 Rb6 34. Rc5 Rb3 35. Rxc4 Ra3 36. g4 Kg5 37. Kg2 Kf4 38. Rc7 f5 39. Rc6 Rxa4
40. Rxe6 Rc4 41. Rxg6 fxg4 42. Rxg4+ Kf5 43. Rh4 Kg5 44. Re4 a4 45. Re5+ Kf4
46. Ra5 Ke4 47. h4 Kd3 48. h5 Kxc3 49. h6 Kb3 50. d5 a3 51. d6 Rc8 52. h7 a2
53. d7 1-0

[Event "4NCL/Div2/MIN1 vs. KHE"]
[Site "Telford ENG"]
[Date "2004.03.21"]
[Round "6.4"]
[White "O'Shaughnessy, Conor"]
[Black "Giumaraes, Rui"]
[Result "1-0"]
[WhiteElo "2202"]
[BlackElo "2154"]
[PlyCount "73"]
[EventDate "2004.03.21"]

1. e4 c5 2. Nf3 d6 3. Bb5+ Bd7 4. Bxd7+ Nxd7 5. O-O g6 6. c3 Bg7 7. d4 Qc7 8.
Re1 e5 9. dxe5 dxe5 10. Na3 a6 11. Nc4 f6 12. Qd5 O-O-O 13. Nd6+ Kb8 14. Nf7
Ne7 15. Qe6 Nf8 16. Qc4 Rc8 17. Nxh8 Bxh8 18. Be3 f5 19. Bg5 Bg7 20. Rad1 fxe4
21. Bxe7 Qxe7 22. Rxe4 Nd7 23. Qd5 Rc7 24. c4 h6 25. Qd6 Qf7 26. b3 g5 27. h3
Qf5 28. Qd3 Ka7 29. Re2 Qf7 30. Qd6 Kb8 31. Nd2 Bf8 32. Qd3 h5 33. Ne4 g4 34.
hxg4 hxg4 35. Ng3 Ka7 36. Qf5 Qg7 37. Re4 {time} 1-0

[Event "4NCL/Div2/MIN1 vs. KHE"]
[Site "Telford ENG"]
[Date "2004.03.21"]
[Round "6.5"]
[White "Almond, Richard"]
[Black "Guthrie, David"]
[Result "1/2-1/2"]
[WhiteElo "2169"]
[BlackElo "2165"]
[PlyCount "32"]
[EventDate "2004.03.21"]

1. d4 d5 2. c4 e6 3. Nc3 c5 4. cxd5 exd5 5. Nf3 Nc6 6. g3 Nf6 7. Bg2 Be7 8. O-O
O-O 9. Bg5 cxd4 10. Nxd4 h6 11. Bf4 Bg4 12. Rc1 Qd7 13. Qd2 Rfe8 14. Ndb5 g5
15. Be3 a6 16. Nd4 Ne5 1/2-1/2

[Event "4NCL/Div2/MIN1 vs. KHE"]
[Site "Telford ENG"]
[Date "2004.03.21"]
[Round "6.6"]
[White "Okike, David C"]
[Black "Muter, Donny"]
[Result "1-0"]
[WhiteElo "2172"]
[BlackElo "2121"]
[PlyCount "73"]
[EventDate "2004.03.21"]

1. e4 d6 2. d4 Nf6 3. Nc3 c6 4. f3 Nbd7 5. Be3 b5 6. Qd2 h5 7. Nh3 Bb7 8. Ng5
a6 9. Bd3 e6 10. Ne2 c5 11. c3 Be7 12. O-O Qa5 13. Kh1 cxd4 14. Nxd4 O-O 15.
Ndxe6 fxe6 16. Nxe6 Ne5 17. b4 Qa3 18. Rfb1 Nc4 19. Bxc4 bxc4 20. Nxf8 Kxf8 21.
Qd4 Rc8 22. Bf4 Ne8 23. Re1 Qa4 24. e5 d5 25. Be3 Qd7 26. Qf4+ Kg8 27. Bd4 Qe6
28. a4 g5 29. Qd2 Ng7 30. b5 a5 31. Qf2 Nf5 32. Bb6 g4 33. Bxa5 g3 34. Qb6 Qxb6
35. Bxb6 gxh2 36. a5 Bg5 37. a6 1-0

[Event "4NCL/Div2/MIN1 vs. KHE"]
[Site "Telford ENG"]
[Date "2004.03.21"]
[Round "6.7"]
[White "Gibbs, Dominic V (res)"]
[Black "Connolly, Suzanne"]
[Result "1-0"]
[WhiteElo "1864"]
[BlackElo "2072"]
[PlyCount "61"]
[EventDate "2004.03.21"]

1. e4 c6 2. c4 d5 3. exd5 cxd5 4. cxd5 Qxd5 5. Nc3 Qa5 6. d4 Nf6 7. Bc4 e6 8.
Nf3 Bb4 9. Bd2 O-O 10. O-O Qd8 11. a3 Be7 12. Re1 Nc6 13. Bg5 Nd5 14. Bxe7
Ncxe7 15. Ne4 b6 16. Qd3 h6 17. Rad1 Bb7 18. Ba2 Nf4 19. Qd2 Neg6 20. h4 Nd5
21. h5 Nh4 22. Ne5 Nf5 23. g3 Nd6 24. Nxd6 Qxd6 25. Bb1 Nf6 26. Qd3 Rfe8 27. f3
Rac8 28. Re2 Nxh5 29. Qh7+ Kf8 30. g4 Bxf3 31. Rf2 1-0

[Event "4NCL/Div2/MIN1 vs. KHE"]
[Site "Telford ENG"]
[Date "2004.03.21"]
[Round "6.8"]
[White "Mackenzie, Colin"]
[Black "Hegarty, Sarah N"]
[Result "1-0"]
[WhiteElo "2147"]
[BlackElo "1891"]
[PlyCount "35"]
[EventDate "2004.03.21"]

1. Nf3 Nf6 2. c4 g6 3. Nc3 d5 4. cxd5 Nxd5 5. g3 Bg7 6. Bg2 c6 7. O-O O-O 8.
Qc2 Nd7 9. d4 Nxc3 10. bxc3 e5 11. Rd1 Qa5 12. Rb1 Re8 13. Ng5 Bf6 14. d5 Nb8
15. Ne4 Be7 16. d6 Bd8 17. d7 Nxd7 18. Nd6 1-0

[Event "4NCL/Div2/WRO vs. BAR3"]
[Site "Telford ENG"]
[Date "2004.03.21"]
[Round "6.1"]
[White "Gourlay, Iain"]
[Black "Mack, Andrew"]
[Result "1-0"]
[WhiteElo "2294"]
[BlackElo "2262"]
[PlyCount "47"]
[EventDate "2004.03.21"]

1. Nf3 Nf6 2. g3 g6 3. Bg2 Bg7 4. O-O O-O 5. d3 Nc6 6. e4 e5 7. c3 d5 8. Qc2 a5
9. a4 h6 10. Na3 Re8 11. Bd2 Be6 12. Rab1 Qd7 13. Rfd1 Rad8 14. b4 axb4 15.
cxb4 dxe4 16. dxe4 Nd4 17. Nxd4 exd4 18. b5 Bh3 19. f3 d3 20. Qc1 Bxg2 21. Kxg2
Nxe4 22. fxe4 Qe7 23. Re1 Qxa3 24. Qxa3 1-0

[Event "4NCL/Div2/WRO vs. BAR3"]
[Site "Telford ENG"]
[Date "2004.03.21"]
[Round "6.2"]
[White "Roberts, Paul"]
[Black "Gayson, Peter M"]
[Result "1/2-1/2"]
[WhiteElo "2242"]
[BlackElo "2239"]
[PlyCount "90"]
[EventDate "2004.03.21"]

1. e4 c5 2. Nc3 e6 3. f4 d5 4. Nf3 Nf6 5. e5 d4 6. exf6 dxc3 7. fxg7 cxd2+ 8.
Qxd2 Qxd2+ 9. Bxd2 Bxg7 10. O-O-O Nc6 11. Bb5 Bd7 12. Be3 a6 13. Bxc6 Bxc6 14.
Bxc5 Bh6 15. Be3 Rg8 16. Ne5 Rxg2 17. Rhg1 Rc8 18. Rxg2 Bxg2 19. Rg1 Be4 20. c3
Bf5 21. Rg8+ Bf8 22. Bc5 Rxc5 23. Rxf8+ Kxf8 24. Nd7+ Ke7 25. Nxc5 e5 26. fxe5
Bc8 27. Kd2 b6 28. Nd3 Ke6 29. Ke3 Kf5 30. b3 Bb7 31. c4 Be4 32. Nf2 Bb1 33.
Kd4 Bxa2 34. b4 a5 35. bxa5 bxa5 36. Nd3 Bxc4 37. Kxc4 Ke4 38. Kc3 a4 39. Nc5+
Kxe5 40. Nxa4 Ke4 {=} 41. Nc5+ Kf3 42. Nd7 f5 43. Nf6 Kg2 44. h4 h5 45. Nxh5
Kh3 1/2-1/2

[Event "4NCL/Div2/WRO vs. BAR3"]
[Site "Telford ENG"]
[Date "2004.03.21"]
[Round "6.3"]
[White "Adams, David M"]
[Black "Hodgson, John H"]
[Result "0-1"]
[WhiteElo "2186"]
[BlackElo "2219"]
[PlyCount "90"]
[EventDate "2004.03.21"]

1. e4 c5 2. Nf3 d6 3. Bb5+ Nc6 4. Bxc6+ bxc6 5. O-O e5 6. c3 Nf6 7. Re1 Bg4 8.
d4 cxd4 9. cxd4 exd4 10. Qa4 Bxf3 11. Qxc6+ Nd7 12. gxf3 Rc8 13. Qb5 Rc5 14.
Qf1 Ne5 15. Nd2 Qf6 16. Qh3 Nd3 17. Nb3 Nxe1 18. Nxc5 Nxf3+ 19. Kg2 Nh4+ 20.
Kh1 Qf3+ 21. Qxf3 Nxf3 22. Nb3 g5 23. Bd2 Kd7 24. Kg2 Nxd2 25. Nxd2 Bg7 26. Nc4
f5 27. exf5 Rf8 28. Rd1 Rxf5 29. Rd3 Ke6 30. Ra3 Rf7 31. Kf1 Be5 32. h3 Kd5 33.
Nd2 Bf4 34. Ra5+ Kc6 35. Ke2 Bxd2 36. Kxd2 Rxf2+ 37. Kd3 Rxb2 38. Rxa7 h5 39.
Rh7 h4 40. Rg7 Rxa2 41. Rxg5 Ra3+ 42. Kxd4 Rxh3 43. Rg8 Rh1 44. Rh8 h3 45. Kc3
Kc5 0-1

[Event "4NCL/Div2/WRO vs. BAR3"]
[Site "Telford ENG"]
[Date "2004.03.21"]
[Round "6.4"]
[White "Rich, Mark"]
[Black "Barrett, Steve J"]
[Result "1-0"]
[WhiteElo "2198"]
[BlackElo "2146"]
[PlyCount "55"]
[EventDate "2004.03.21"]

1. e4 c5 2. Nc3 e6 3. f4 Nc6 4. Nf3 d6 5. Bb5 Bd7 6. Bxc6 Bxc6 7. d3 Nf6 8. O-O
Be7 9. e5 dxe5 10. fxe5 Nd7 11. Qe2 O-O 12. Ne4 Qb6 13. c4 Rad8 14. b3 Qa6 15.
Bg5 Bxg5 16. Nfxg5 h6 17. Nf6+ Nxf6 18. exf6 g6 19. Nf3 Bxf3 20. Rxf3 Qd6 21.
Raf1 Rfe8 {=} 22. Rh3 e5 23. Qd2 Qf8 24. Rxh6 Rxd3 25. Qg5 Rd4 26. Rxg6+ fxg6
27. Qxg6+ Kh8 28. Qh5+ 1-0

[Event "4NCL/Div2/WRO vs. BAR3"]
[Site "Telford ENG"]
[Date "2004.03.21"]
[Round "6.5"]
[White "Burnett, Jim"]
[Black "Flower, David"]
[Result "0-1"]
[WhiteElo "2205"]
[BlackElo "2121"]
[PlyCount "44"]
[EventDate "2004.03.21"]

1. d4 d6 2. g3 e5 3. c4 Nd7 4. Nf3 g6 5. Nc3 Bg7 6. e4 Ngf6 7. Bg2 O-O 8. O-O
c6 9. h3 Re8 10. Re1 exd4 11. Nxd4 a5 12. Be3 Nc5 13. Qc2 Nfd7 14. Rad1 a4 15.
f4 Qa5 16. Nde2 Qb4 17. Nc1 a3 18. Bd4 Bxd4+ 19. Rxd4 axb2 20. N1e2 Rxa2 21.
Rb1 Ra1 22. Rxd6 Nb6 0-1

[Event "4NCL/Div2/WRO vs. BAR3"]
[Site "Telford ENG"]
[Date "2004.03.21"]
[Round "6.6"]
[White "Crichton, Martin"]
[Black "van Kemenade, Rudy"]
[Result "0-1"]
[WhiteElo "1991"]
[BlackElo "2119"]
[PlyCount "98"]
[EventDate "2004.03.21"]

1. e4 e5 2. Nf3 Nf6 3. Bc4 Nc6 4. d4 exd4 5. O-O Bc5 6. c3 d3 7. b4 Bb6 8. a4
a6 9. Qxd3 d6 10. e5 dxe5 11. Qxd8+ Nxd8 12. Nxe5 Ne6 13. Re1 O-O 14. Be3 Bxe3
15. Rxe3 Nf4 16. Ra2 N4d5 17. Re1 Be6 18. Rc2 Rad8 19. Nd2 Bf5 20. Bd3 Bc8 21.
Ndf3 Nf4 22. Bc4 Bf5 23. Rd2 Rxd2 24. Nxd2 N4d5 25. g4 {=} 25... Be6 26. g5 Nh5
27. g6 hxg6 28. Nxg6 Rd8 29. Bxd5 Bxd5 30. Ne7+ Kf8 31. Nxd5 Rxd5 32. Ne4 b6
33. Kf1 Nf4 34. Ng3 Rd2 35. Ne4 Ra2 36. a5 bxa5 37. bxa5 Rxa5 38. f3 Ra2 39.
Nc5 Rxh2 40. Nd7+ Kg8 41. Re8+ Kh7 42. Nf8+ Kh6 43. Ne6 Nh3 44. Ke1 fxe6 45.
Rxe6+ Kg5 46. Rxa6 Kf4 47. c4 Ng5 48. c5 Nxf3+ 49. Kd1 Ne5 0-1

[Event "4NCL/Div2/MIN1 vs. WRO"]
[Site "West Bromwich ENG"]
[Date "2004.05.01"]
[Round "7.1"]
[White "Bellin, Robert"]
[Black "Gourlay, Iain"]
[Result "1/2-1/2"]
[WhiteElo "2385"]
[BlackElo "2275"]
[PlyCount "33"]
[EventDate "2004.05.01"]

1. Nf3 Nf6 2. b3 d6 3. d4 g6 4. Bb2 Bg7 5. Nbd2 Nbd7 6. e4 O-O 7. e5 dxe5 8.
dxe5 Nd5 9. g3 c5 10. Bg2 Qa5 11. O-O Qc7 12. a3 N5b6 13. Qe2 Rd8 14. a4 Nf8
15. Rfe1 Bf5 16. Nf1 Nd5 17. Nh4 1/2-1/2

[Event "4NCL/Div2/MIN1 vs. WRO"]
[Site "West Bromwich ENG"]
[Date "2004.05.01"]
[Round "7.2"]
[White "Gayson, Peter M"]
[Black "Radovanovic, Jovica"]
[Result "1-0"]
[WhiteElo "2239"]
[BlackElo "2189"]
[PlyCount "107"]
[EventDate "2004.05.01"]

1. e4 c5 2. Nf3 d6 3. d4 cxd4 4. Nxd4 Nf6 5. Nc3 Nc6 6. f4 g6 7. Be2 Bg7 8. Be3
O-O 9. O-O Qb6 10. Qd3 Qc7 11. h3 a6 12. Bf3 Bd7 13. Rae1 Nxd4 14. Bxd4 e5 15.
Be3 b5 16. Rd1 b4 17. Nd5 Nxd5 18. Qxd5 Be6 19. Qxd6 Qxd6 20. Rxd6 exf4 21.
Bxf4 Bxb2 22. e5 Rab8 23. Rfd1 Rfc8 24. Bd5 Bxd5 25. R1xd5 Rb5 26. Bh6 Rxd5 27.
Rxd5 Re8 28. Bd2 Bc3 29. Bxc3 bxc3 30. Rc5 Rb8 31. Rxc3 Rb5 32. e6 fxe6 33. Rc6
Ra5 34. Rxe6 Rxa2 35. Rc6 a5 36. Kf2 Rb2 37. Ke3 Rb7 38. Ra6 Re7+ 39. Kd3 Rd7+
40. Kc3 Rc7+ 41. Kb3 Rb7+ 42. Kc3 Rc7+ 43. Kb2 Rb7+ 44. Kc1 Rb5 45. g4 Rg5 46.
Ra8+ Kg7 47. Ra7+ Kg8 48. Kd2 h5 49. gxh5 Rxh5 50. c4 Rxh3 51. c5 Rf3 52. c6
Rf8 53. Rd7 Rf2+ 54. Ke3 1-0

[Event "4NCL/Div2/MIN1 vs. WRO"]
[Site "West Bromwich ENG"]
[Date "2004.05.01"]
[Round "7.4"]
[White "Barrett, Steve J"]
[Black "Almond, Richard"]
[Result "1-0"]
[WhiteElo "2146"]
[BlackElo "2164"]
[PlyCount "105"]
[EventDate "2004.05.01"]

1. d4 d5 2. c4 e6 3. Nc3 Nf6 4. cxd5 exd5 5. Bg5 Be7 6. Qc2 O-O 7. e3 c6 8. Bd3
Nbd7 9. Nf3 Re8 10. O-O Nf8 11. Bxf6 Bxf6 12. Rab1 Bg4 13. Nd2 Qd6 14. b4 a6
15. Na4 Bd8 16. Nc5 Bc7 17. g3 Rab8 18. Bf5 Bh5 19. a4 g6 20. Bh3 g5 21. Bf5
Bg6 22. b5 cxb5 23. axb5 a5 24. Rbc1 Re7 25. Rfe1 Qf6 26. Bxg6 Nxg6 27. Qd1 Nf8
28. Qf3 Qxf3 29. Nxf3 h6 30. Re2 b6 31. Na4 Ne6 32. Rec2 Bd8 33. Ne5 Reb7 34.
Rc6 Kg7 35. Nc3 Nc7 36. Rd6 Be7 37. Rd7 Ne8 38. Rxb7 Rxb7 39. Nxd5 Bd6 40. Nc4
Bc7 41. e4 Nf6 42. Nxf6 Kxf6 43. Ne3 Kg6 44. Rc6+ f6 45. Nd5 Bd8 46. Rd6 Rb8
47. Rd7 Rc8 48. g4 h5 49. h3 hxg4 50. hxg4 Rc1+ 51. Kg2 Rc8 52. Ne3 Ra8 53. Nf5
1-0

[Event "4NCL/Div2/MIN1 vs. WRO"]
[Site "West Bromwich ENG"]
[Date "2004.05.01"]
[Round "7.6"]
[White "Arnott, Jonathan W"]
[Black "Stirling, William J"]
[Result "1/2-1/2"]
[WhiteElo "2126"]
[BlackElo "2141"]
[PlyCount "59"]
[EventDate "2004.05.01"]

1. e4 c5 2. d3 Nc6 3. g3 g6 4. Bg2 Bg7 5. f4 e6 6. Nf3 Nge7 7. O-O O-O 8. c3 d5
9. e5 f6 10. Qe2 Bd7 11. Be3 b6 12. d4 fxe5 13. fxe5 Qc7 14. Nbd2 cxd4 15. cxd4
Rac8 16. Rac1 Qb7 17. a3 a5 18. Bh3 Nf5 19. g4 Nxe3 20. Qxe3 Nd8 21. g5 Bb5 22.
Rfe1 Bd7 23. Nf1 Nf7 24. Qd3 Rxc1 25. Rxc1 Rc8 26. Rc2 Rxc2 27. Qxc2 Bf8 28.
Bg4 Nd8 29. Ne3 Qc6 30. Qxc6 1/2-1/2

[Event "4NCL/Div2/MIN1 vs. WRO"]
[Site "West Bromwich ENG"]
[Date "2004.05.01"]
[Round "7.7"]
[White "Muter, Donny"]
[Black "van Kemenade, Rudy"]
[Result "1-0"]
[WhiteElo "2136"]
[BlackElo "2119"]
[PlyCount "79"]
[EventDate "2004.05.01"]

1. d4 Nf6 2. Nf3 g6 3. Bg5 Bg7 4. Nbd2 h6 5. Bh4 O-O 6. e4 d6 7. c3 Qe8 8. Bc4
e5 9. dxe5 dxe5 10. O-O Nbd7 11. Re1 Nh5 12. Nf1 Nf4 13. Qc2 Nc5 14. b4 Nce6
15. Ne3 c6 16. Bb3 g5 17. Bg3 h5 18. h3 f6 19. Nf5 Kh8 20. Nd2 h4 21. Bh2 Qh5
22. f3 Rg8 23. Nc4 Bf8 24. Nce3 Rg6 25. Rad1 Qh7 26. Rd2 Qc7 27. Kh1 Ng7 28.
Red1 Nfe6 29. Bg1 Nh5 30. Nc4 Ng3+ 31. Kh2 Nf4 32. Rd8 Bxf5 33. Rxa8 Bc8 34.
Bxa7 b5 35. Nb6 Bxh3 36. Rxf8+ Kg7 37. Rf7+ Qxf7 38. Bxf7 Bxg2 39. Bxg6 Kxg6
40. Qxg2 1-0

[Event "4NCL/Div2/MIN1 vs. WRO"]
[Site "West Bromwich ENG"]
[Date "2004.05.01"]
[Round "7.8"]
[White "van Kemenade, Julie"]
[Black "Hegarty, Sarah N"]
[Result "0-1"]
[WhiteElo "1680"]
[BlackElo "1891"]
[PlyCount "50"]
[EventDate "2004.05.01"]

1. e4 Nf6 2. Nc3 d5 3. exd5 Nxd5 4. d4 Nxc3 5. bxc3 c5 6. Bc4 Nc6 7. Qf3 e6 8.
Ne2 cxd4 9. O-O dxc3 10. Nxc3 Qf6 11. Bf4 g5 12. Be3 Qxc3 13. Bd3 Be7 14. Rfd1
Bd7 15. Rab1 Rb8 16. Bb5 Rd8 17. Qh5 Qa5 18. Qh6 Qc7 19. Qg7 Qe5 20. Qh6 Qf6
21. Qh5 Ne5 22. Qe2 Nc6 23. Rb3 O-O 24. Bc1 Nd4 25. Rxd4 Bxb5 0-1

[Event "4NCL/Div2/KHE vs. SWD1"]
[Site "West Bromwich ENG"]
[Date "2004.05.01"]
[Round "7.1"]
[White "McMichael, Richard"]
[Black "Cooper, John G"]
[Result "1/2-1/2"]
[WhiteElo "2298"]
[BlackElo "2310"]
[PlyCount "48"]
[EventDate "2004.05.01"]

1. Nf3 d5 2. b3 c5 3. Bb2 f6 4. e3 e5 5. Bb5+ Nc6 6. Bxc6+ bxc6 7. d3 Bd6 8. h3
Ne7 9. c4 O-O 10. Qe2 Ng6 11. Nc3 f5 12. O-O-O d4 13. Na4 e4 14. Ne1 dxe3 15.
fxe3 Qe7 16. h4 Ne5 17. Qd2 Be6 18. dxe4 Rad8 19. Nf3 Ng4 20. e5 Bxe5 21. Qe2
Bxb2+ 22. Nxb2 Bf7 23. Rhe1 Nf6 24. Rxd8 Rxd8 1/2-1/2

[Event "4NCL/Div2/KHE vs. SWD1"]
[Site "West Bromwich ENG"]
[Date "2004.05.01"]
[Round "7.2"]
[White "Cobb, James E"]
[Black "Thomas, Richard H"]
[Result "1-0"]
[WhiteElo "2325"]
[BlackElo "2235"]
[PlyCount "131"]
[EventDate "2004.05.01"]

1. d4 g6 2. Nf3 Bg7 3. c4 d6 4. Nc3 Bg4 5. g3 Qd7 6. h3 Bxf3 7. exf3 Nc6 8. d5
Nd4 9. Bg2 e5 10. O-O Ne7 11. f4 O-O 12. Re1 Rfe8 13. fxe5 Bxe5 14. Ne4 f5 15.
Nc5 Qc8 16. Bg5 Kf7 17. Ne6 Nxe6 18. dxe6+ Kg8 19. c5 Nc6 20. Kh2 h6 21. Bxh6
Kh7 22. Bg5 Rxe6 23. cxd6 cxd6 24. Qa4 Kg7 25. Qh4 Qh8 26. Qxh8+ Rxh8 27. f4
Bxb2 28. Rxe6 Bxa1 29. Rxd6 Re8 30. Rd1 Bc3 31. Rd7+ Kg8 32. Rxb7 Nb4 33. a3
Nd3 34. Bd5+ Kh8 35. Be7 Bd4 36. Bc4 Nb2 37. Be6 Nd3 38. Rc7 Rb8 39. Rc8+ Rxc8
40. Bxc8 Bc5 41. Bf6+ Kh7 42. a4 Be3 43. Bd7 Kg8 44. Be8 Kh7 45. Kg2 Nb4 46.
Kf3 Bc5 47. Be5 Nd3 48. Bc3 Nb4 49. Bf7 Nc6 50. Ke2 Nb4 51. g4 Bd6 52. Ke3 Bc5+
53. Kf3 Nc6 54. Bc4 Ne7 55. Be6 fxg4+ 56. hxg4 Nc6 57. Ke4 Be7 58. Kd5 Nb4+ 59.
Kc4 Nc2 60. Kb5 Bd6 61. f5 Ne3 62. Bd4 Bf4 63. fxg6+ Kxg6 64. Bxa7 Kg5 65. Bxe3
Bxe3 66. a5 1-0

[Event "4NCL/Div2/KHE vs. SWD1"]
[Site "West Bromwich ENG"]
[Date "2004.05.01"]
[Round "7.3"]
[White "O'Shaughnessy, Conor"]
[Black "Dineley, Richard D P"]
[Result "0-1"]
[WhiteElo "2202"]
[BlackElo "2269"]
[PlyCount "80"]
[EventDate "2004.05.01"]

1. e4 c5 2. Nf3 e6 3. c3 d5 4. exd5 exd5 5. d4 Nc6 6. Bb5 Bd6 7. dxc5 Bxc5 8.
O-O Nge7 9. Nbd2 O-O 10. Nb3 Bb6 11. Re1 Nf5 12. Bd3 Bc7 13. Bg5 Qd6 14. g3 Bb6
15. Bf4 Qd8 16. Qc2 g6 17. Rad1 Qf6 18. Bf1 Be6 19. Bg2 h6 20. Ne5 Nce7 21. Ng4
Qg7 22. Qe2 Nc6 23. Bxd5 Bxd5 24. Rxd5 Rad8 25. Rxd8 Rxd8 26. Ne3 Re8 27. Qd2
Bxe3 28. Bxe3 Qf6 29. f4 h5 30. Bf2 Rxe1+ 31. Qxe1 Qd8 32. Qd2 Qe7 33. Qd3 Qe6
34. Kg2 Kg7 35. Kf3 Kh7 36. Nc1 Nfe7 37. b3 Qh3 38. Bg1 Nf5 39. Qd5 Qf1+ 40.
Bf2 Qh1+ 0-1

[Event "4NCL/Div2/KHE vs. SWD1"]
[Site "West Bromwich ENG"]
[Date "2004.05.01"]
[Round "7.4"]
[White "James, David J"]
[Black "Guthrie, David"]
[Result "1/2-1/2"]
[WhiteElo "2258"]
[BlackElo "2171"]
[PlyCount "42"]
[EventDate "2004.05.01"]

1. Nf3 Nf6 2. c4 g6 3. Nc3 Bg7 4. d4 d5 5. cxd5 Nxd5 6. e4 Nxc3 7. bxc3 c5 8.
Be3 Qa5 9. Qd2 Nc6 10. Rc1 cxd4 11. cxd4 Qxd2+ 12. Kxd2 O-O 13. Bc4 Rd8 14. d5
Na5 15. Ke2 Nxc4 16. Rxc4 b6 17. Ra4 Bd7 18. Rb4 Rac8 19. Rd1 Rc2+ 20. Rd2 Rdc8
21. Nd4 Bxd4 1/2-1/2